书目信息 |
| 题名: |
文明花开新税务
|
|
| 作者: | ;国家税务总局 编 | |
| 分册: | ||
| 出版信息: | 北京 中国税务出版社 2019 |
|
| 页数: | 406页 | |
| 开本: | 24cm | |
| 丛书名: | ||
| 单 册: | ||
| 中图分类: | F812.423 | |
| 科图分类: | ||
| 主题词: | 税收管理--shui shou guan li--案例--中国 | |
| 电子资源: | ||
| ISBN: | 978-7-5678-0772-3 | |
| 000 | 00998nam0 2200241 450 | |
| 001 | 2151122637 | |
| 005 | 20211018173724.0 | |
| 010 | @a978-7-5678-0772-3@dCNY145.00 | |
| 100 | @a20200928d2019 em y0chiy50 ea | |
| 101 | 0 | @achi |
| 102 | @aCN@b110000 | |
| 105 | @aag z 000yy | |
| 106 | @ar | |
| 200 | 1 | @a文明花开新税务@Awen ming hua kai xin shui wu@e税务文化建设典型案例选编@f国家税务总局党建工作局编 |
| 210 | @a北京@c中国税务出版社@d2019 | |
| 215 | @a406页@c图,照片@d24cm | |
| 330 | @a本书包含全国税务系统105个优秀税务文化建设案例,涵盖党的建设、思想政治、文明创建、家风家训、志愿服务、队伍建设等多个方面,通过鲜活生动的事例、图文并茂的方式,阐明理念、展示做法、宣传引领。 | |
| 517 | 1 | @a税务文化建设典型案例选编@Ashui wu wen hua jian she dian xing an li xuan bian |
| 606 | 0 | @a税收管理@Ashui shou guan li@x案例@y中国 |
| 690 | @aF812.423@v5 | |
| 711 | 02 | @a国家税务总局@Aguo jia shui wu zong ju@b党建工作局@4编 |
| 801 | 0 | @aCN@b百万庄@c20211018 |
| 905 | @b1310412-15@dF812.423@e105@f4 | |
| 文明花开新税务:税务文化建设典型案例选编/国家税务总局党建工作局编.-北京:中国税务出版社,2019 |
| 406页:图,照片;24cm |
| ISBN 978-7-5678-0772-3:CNY145.00 |
| 本书包含全国税务系统105个优秀税务文化建设案例,涵盖党的建设、思想政治、文明创建、家风家训、志愿服务、队伍建设等多个方面,通过鲜活生动的事例、图文并茂的方式,阐明理念、展示做法、宣传引领。 |
| ● |
| 相关链接 |
|
|
|
|
正题名:文明花开新税务
索取号:F812.423/105
 
预约/预借
| 序号 | 登录号 | 条形码 | 馆藏地/架位号 | 状态 | 备注 |
| 1 | 1310412 | 213104120 | 第一样本阅览室/ [索取号:F812.423/105] | 在馆 | |
| 2 | 1310413 | 213104139 | 第一借阅区/ [索取号:F812.423/105] | 在馆 | |
| 3 | 1310414 | 213104148 | 第一借阅区/ [索取号:F812.423/105] | 在馆 | |
| 4 | 1310415 | 213104157 | 第一借阅区/ [索取号:F812.423/105] | 在馆 |